000 00583nam a2200205Ia 4500
003 OSt
005 20230403155703.0
008 210423s2007 xx 000 0 und d
020 _a8130906694
040 _cAL
041 _aeng
082 _a809.935 BLOH
100 _aBLOOM (Harold),Ed.
_982795
245 _aViva modern critical interpretations James Joyces Ulysses.
260 _aNew Delhi
_bViva Books Pvt Ltd
_c2007
300 _avii,239
_bPB
365 _b145
_cINR
906 _acritical ; interpretations ; James ; joyces ; modern ; ulysses. ; Viva
942 _2ddc
_cBK
999 _c158041
_d158041